| 000 | 00423nam a2200145Ia 4500 | ||
|---|---|---|---|
| 008 | 210428s9999 xx 000 0 und d | ||
| 020 | _a0-88415-481-5 | ||
| 082 | _a660.281 C682 M | ||
| 100 |
_aA.Kayode Coker ,ph.D. _952231 |
||
| 245 | 0 |
_aModeling of Chemical Kinetics and Reactor Design / _cCoker |
|
| 250 | _a2nd edition | ||
| 260 |
_bGulf Professional Publishing _aBoston _c2001 |
||
| 300 | _a1096p | ||
| 942 |
_cBK _2ddc |
||
| 999 |
_c560032 _d560032 |
||